Библиотеки и библиотечное дело в Мордовском крае (XVIII - начало XX в.) (Запись № 492764)

Подробности
000 -МАРКЕР
контрольное поле 02010nam0a2200373 4500
001 - ИДЕНТИФИКАТОР ЗАПИСИ
контрольное поле RU\NLR\bibl\1294331
005 - ИДЕНТИФИКАТОР ВЕРСИИ
контрольное поле 20260405175806.0
010 ## - МЕЖДУНАРОДНЫЙ СТАНДАРТНЫЙ НОМЕР КНИГИ (ISBN)
Номер (ISBN) 978-5-900029-58-0
Тираж 300
021 ## - НОМЕР ГОСУДАРСТВЕННОЙ РЕГИСТРАЦИИ
Код страны Российская Федерация
Номер 2008-76355
Номер Листа государственной регистраци 4408
035 ## - ДРУГИЕ СИСТЕМНЫЕ НОМЕРА
Идентификатор записи (NLR Aleph) 001279971
100 ## - ДАННЫЕ ОБЩЕЙ ОБРАБОТКИ
Данные общей обработки 20081113d2008 |||y0rusy50 ca
101 0# - ЯЗЫК РЕСУРСА
Язык текста, звукозаписи и т.д. русский
Язык оглавления русский
-- английский
102 ## - СТРАНА ПУБЛИКАЦИИ ИЛИ ПРОИЗВОДСТВА
Страна публикации Российская Федерация
105 ## - ПОЛЕ КОДИРОВАННЫХ ДАННЫХ: ТЕКСТОВЫЕ МАТЕРИАЛЫ, МОНОГРАФИЧЕСКИЕ
Кодированные данные о монографическом текстовом документе a |||||||||
200 1# - ЗАГЛАВИЕ И СВЕДЕНИЯ ОБ ОТВЕТСТВЕННОСТИ
Основное заглавие Библиотеки и библиотечное дело в Мордовском крае (XVIII - начало XX в.)
Параллельное заглавие Libraries and librarianship in Mordovian lands (18th - the beginning of the 20yh century)
Первые сведения об ответственности В.Л. Житаев, И.В. Седина
Последующие сведения об ответственности [НИИ гуманит. наук при Правительстве Респ. Мордовия]
Язык параллельного заглавия английский
210 ## - ПУБЛИКАЦИЯ, РАСПРОСТРАНЕНИЕ И ДР.
Место издания, распространения и т.д. Саранск
Имя издателя, распространителя и т. д. Научно-исследовательский институт гуманитарных наук
Дата издания, распространения и т.д. 2008
215 ## - ФИЗИЧЕСКАЯ ХАРАКТЕРИСТИКА
Специфическое обозначение материала и объем 253, [2] с., [8] л. ил., портр., факс.
Размеры 17
225 1# - СЕРИЯ
Основное заглавие серии События в истории
300 ## - ОБЩИЕ ПРИМЕЧАНИЯ
Текст примечания Авт. также на англ. яз.: V.L. Zhitaev, I.V. Sedina
320 ## - ПРИМЕЧАНИЯ О НАЛИЧИИ В ДОКУМЕНТЕ БИБЛИОГРАФИИ / УКАЗАТЕЛЯ
Текст примечания Библиогр. в конце разделов
510 1# - ПАРАЛЛЕЛЬНОЕ ЗАГЛАВИЕ
Связь между полями z33790
Параллельное заглавие Libraries and librarianship in Mordovian lands (18th - the beginning of the 20yh century)
Язык заглавия английский
606 1# - НАИМЕНОВАНИЕ ТЕМЫ КАК ПРЕДМЕТ
Наименование темы Библиотеки
Тематический подзаголовок История
Географический подзаголовок Мордовия
Хронологический подзаголовок 18 - нач. 20 вв.
Системный номер авторитетной/нормативной записи 2553969
Идентификатор авторитетной/нормативной записи RU\NLR\auth\661511115
686 ## - ИНДЕКСЫ ДРУГИХ КЛАССИФИКАЦИЙ
Индекс Ч733(2Р-6Мо)
700 #1 - ИМЯ ЛИЦА - ПЕРВИЧНАЯ ОТВЕТСТВЕННОСТЬ
Код отношения Автор
Материалы, к которым относится поле rus
Графика поля Кириллица
Начальный элемент ввода Житаев
Часть имени, кроме начального элемента ввода В. Л.
Расширение инициалов личного имени Василий Леонтьевич
Идентификатор авторитетной/нормативной записи RU\NLR\auth\7776806
Системный номер авторитетной/нормативной записи 59734
701 #1 - ИМЯ ЛИЦА - АЛЬТЕРНАТИВНАЯ ОТВЕТСТВЕННОСТЬ
Код отношения Автор
Материалы, к которым относится поле rus
Графика поля Кириллица
Начальный элемент ввода Седина
Часть имени, кроме начального элемента ввода И. В.
Расширение инициалов личного имени Ирина Васильевна
Идентификатор авторитетной/нормативной записи RU\NLR\auth\7776808
Системный номер авторитетной/нормативной записи 59736
790 #1 - ИМЯ ЛИЦА - АЛЬТЕРНАТИВНАЯ ФОРМА
Код отношения Автор
Материалы, к которым относится поле rus
Графика поля Латинская
Начальный элемент ввода Žitaev
Часть имени, кроме начального элемента ввода V. L.
Расширение инициалов личного имени Vasilij Leont'evič
Идентификатор авторитетной/нормативной записи RU\NLR\auth\7776807
Системный номер авторитетной/нормативной записи 59735
790 #1 - ИМЯ ЛИЦА - АЛЬТЕРНАТИВНАЯ ФОРМА
Код отношения Автор
Материалы, к которым относится поле rus
Графика поля Латинская
Начальный элемент ввода Sedina
Часть имени, кроме начального элемента ввода I. V.
Расширение инициалов личного имени Irina Vasil'evna
Идентификатор авторитетной/нормативной записи RU\NLR\auth\7776809
Системный номер авторитетной/нормативной записи 59737
801 #0 - ИСТОЧНИК ЗАПИСИ
Страна Российская Федерация
Организация NLR
Дата составления 20081113
Правила каталогизации RCR
801 #1 - ИСТОЧНИК ЗАПИСИ
Страна Российская Федерация
Организация NLR
Дата составления 20081113
830 ## - ОБЩЕЕ ПРИМЕЧАНИЕ, СОСТАВЛЕННОЕ КАТАЛОГИЗАТОРОМ
Текст примечания авт. по кн.
942 ## - ДОПОЛНИТЕЛЬНЫЕ ЭЛЕМЕНТЫ ЗАПИСИ (АБИС)
Тип экземпляра АБИС Книга
980 ## - КОЛЛЕКЦИЯ
Название коллекции Национальная библиография
Экземпляры
Тип экземпляра Дата поступления Источник поступления Библиотека постоянного хранения Библиотека текущего хранения Место хранения Шифр хранения Штрих-код Статус экземпляра
Книга 13.11.2008 Обязательный экземпляр РНБ (Садовая) РНБ (Садовая) Фонд литературы по библиотековедению Б 4305/Ж-74 2790480  
Книга 13.11.2008 Обязательный экземпляр РНБ (Садовая) РНБ (Садовая) Фонд литературы по библиотековедению Б 4305/Ж-74 2790481